[Event "Bratto op-B 27th"]
[Site "Bratto"]
[Date "2007.08.29"]
[Round "6"]
[White "Antolini, Aldo"]
[Black "Bocceda, Carlo"]
[Result "0-1"]
[WhiteElo "1642"]
[BlackElo "1739"]
[PlyCount "36"]
[EventDate "2007.08.24"]
[EventType "swiss"]
[EventRounds "8"]
[EventCountry "ITA"]
[SourceTitle "CBM 120 Extra"]
[Source "ChessBase"]
[SourceDate "2007.11.01"]
[SourceVersion "1"]
[SourceVersionDate "2007.11.01"]
[SourceQuality "1"]

1. g4 d5 2. Bg2 Bxg4 3. c4 e6 4. Qb3 Nf6 5. cxd5 exd5 6. Qxb7 Nbd7 7. Nc3 Nc5 8. Qb5+ c6 9. Qxc6+ Bd7 10. Nxd5 Bxc6 11. Nxf6+ Qxf6 12. Nf3 Nd3+ 13. Kf1 Nf4 14. d3 Nxg2 15. Kxg2 Bc5 16. e4 h6 17. Bd2 Bb5 18. Bc3 Qg6+ 0-1

[Event "Vignola op 5th"]
[Site "Vignola"]
[Date "2006.11.25"]
[Round "3"]
[White "Bocceda, Carlo"]
[Black "Di Trapani, Davide"]
[Result "1-0"]
[WhiteElo "1784"]
[BlackElo "1580"]
[PlyCount "43"]
[EventDate "2006.11.24"]
[EventType "swiss"]
[EventRounds "5"]
[EventCountry "ITA"]
[SourceTitle "EXT 2011"]
[Source "ChessBase"]
[SourceDate "2010.11.26"]
[SourceVersion "1"]
[SourceVersionDate "2010.11.26"]
[SourceQuality "1"]

1. b4 d5 2. Bb2 e6 3. Nf3 Nf6 4. a3 b6 5. e3 Bb7 6. d4 Nbd7 7. Nbd2 c5 8. dxc5 bxc5 9. bxc5 Nxc5 10. Bb5+ Ncd7 11. Ne5 Bd6 12. Ndf3 0-0 13. 0-0 Nxe5 14. Nxe5 Qc7 15. Nf3 Rac8 16. Bxf6 gxf6 17. Bd3 e5 18. Bf5 Rcd8 19. Nh4 Qc4 20. Qh5 Rfe8 21. Qh6 Bc8 22. Bxh7+ 1-0

[Event "Rivarolo Mantovano op"]
[Site "Rivarolo Mantovano"]
[Date "2003.10.12"]
[Round "2"]
[White "Mussap, Angelo"]
[Black "Bocceda, Carlo"]
[Result "1-0"]
[WhiteElo "1807"]
[BlackElo "1636"]
[PlyCount "113"]
[EventDate "2003.10.11"]
[EventType "swiss"]
[EventRounds "6"]
[EventCountry "ITA"]
[SourceTitle "EXT 2007"]
[Source "ChessBase"]
[SourceDate "2006.11.23"]
[SourceVersion "1"]
[SourceVersionDate "2006.11.23"]
[SourceQuality "1"]

1. d4 Nf6 2. c4 e6 3. Bg5 b6 4. Nf3 Bb7 5. e3 c5 6. Be2 cxd4 7. exd4 d6 8. 0-0 Nbd7 9. Nc3 g6 10. Re1 Bg7 11. d5 e5 12. Ne4 Qc7 13. Nfd2 Nxe4 14. Nxe4 f5 15. Nc3 0-0 16. Nb5 Qb8 17. Be7 Rf6 18. Bxf6 Nxf6 19. Rb1 a6 20. Nc3 Qc7 21. a4 Nd7 22. Qd2 Re8 23. Bf1 Qd8 24. f3 h6 25. Qf2 Kh7 26. Na2 Rg8 27. b4 Bf6 28. Nc1 Qf8 29. Nd3 Qg7 30. Kh1 h5 31. a5 g5 32. axb6 Qg6 33. b5 axb5 34. Rxb5 g4 35. f4 e4 36. Nb4 h4 37. g3 hxg3 38. hxg3 Rh8 39. Kg1 Qg7 40. Rd1 Kg8 41. Ra5 Qh6 42. Bg2 Bc3 43. Ra4 Nc5 44. Qc2 Nxa4 45. Qxa4 Qf6 46. Nc2 Qe7 47. Ne3 Qf7 48. Qb3 Qf6 49. Nxf5 Qxf5 50. Qxc3 Kf7 51. Re1 Re8 52. Qe3 Kg8 53. Bxe4 Qf6 54. Qd2 Ba6 55. Bh7+ Kxh7 56. Rxe8 Bxc4 57. Qc2+ 1-0